| 000 | 00701nam a2200181 a 4500 | ||
|---|---|---|---|
| 005 | 20220526063904.0 | ||
| 008 | 991125s1953 mx 000 0 spa u | ||
| 035 | _aUPN01000036726 | ||
| 049 | _aLT | ||
| 050 | 4 |
_aLB1633 M6.1 _bC3.4 |
|
| 100 | 1 | _aCastro Dávila, José Luis | |
| 245 | 1 | 0 |
_aManual práctico de gramática española / _cJosé Luis Castro Dávila. |
| 260 |
_aMéxico : _bHerrero, _c1953. |
||
| 300 | _a349 p. | ||
| 500 | _a"Desarrollado conforme lo exigen los programas vigentes de la Secretaría de Educación Pública, en el primer grado de la lengua española, en las escuelas de segunda enseñanza" | ||
| 650 | 4 |
_aEspañol _xEstudio y enseñanza (Secundaria) _97237 |
|
| 905 | _aLibro | ||
| 999 |
_c36726 _d36726 |
||